Southville International School and Colleges
Your cart is empty.
  • Cart
  • Lists
    Public lists Eva Luna New books Lux_list list_1
    Your lists Log in to create your own lists
  • Log in to your account
  • Your cookies
  • Search history
Southville International School and Colleges
  • Advanced search
  • Recent comments
  • Most popular
  • Libraries

Log in to your account

Log in with GOOGLE


If you do not have an external account, but do have a local account, you can still log in:

  1. Home
  2. MARC view: A clash of cultures :
Normal view MARC view ISBD view

A clash of cultures : (Record no. 18843)

[ view plain ]
MARC details
000 -LEADER
fixed length control field 00998cam a22003375a 4500
001 - CONTROL NUMBER
control field 17030284
003 - CONTROL NUMBER IDENTIFIER
control field OSt
005 - DATE AND TIME OF LATEST TRANSACTION
control field 20140310183111.0
008 - FIXED-LENGTH DATA ELEMENTS--GENERAL INFORMATION
fixed length control field 111101s2011 ph b 000 0 eng
010 ## - LIBRARY OF CONGRESS CONTROL NUMBER
LC control number 2011308466
020 ## - INTERNATIONAL STANDARD BOOK NUMBER
International Standard Book Number 9789712724459
040 ## - CATALOGING SOURCE
Original cataloging agency DLC
Transcribing agency DLC
Modifying agency DLC
042 ## - AUTHENTICATION CODE
Authentication code lcode
043 ## - GEOGRAPHIC AREA CODE
Geographic area code a-ph---
050 ## - LIBRARY OF CONGRESS CALL NUMBER
Classification number BX 4857
Item number .M193 2011
082 ## - DEWEY DECIMAL CLASSIFICATION NUMBER
Classification number FIL280.409599
Item number C591 2011
100 1# - MAIN ENTRY--PERSONAL NAME
Personal name Maggay, Melba Padilla.
245 12 - TITLE STATEMENT
Title A clash of cultures :
Remainder of title early American Protestant missions and Filipino religious consciousness /
Statement of responsibility, etc Maggay,Melba Padilla
260 ## - PUBLICATION, DISTRIBUTION, ETC. (IMPRINT)
Place of publication, distribution, etc Manila :
Name of publisher, distributor, etc Anvil Pub.,
Date of publication, distribution, etc 2011.
300 ## - PHYSICAL DESCRIPTION
Extent xix, 235 p. ;
Dimensions 23 cm.
504 ## - BIBLIOGRAPHY, ETC. NOTE
Bibliography, etc Includes bibliographical references (p. 199-235).
521 ## - TARGET AUDIENCE NOTE
Target audience note
526 ## - STUDY PROGRAM INFORMATION NOTE
Reading level 1210L to 1700L
541 ## - IMMEDIATE SOURCE OF ACQUISITION NOTE
-- 1
541 ## - IMMEDIATE SOURCE OF ACQUISITION NOTE
-- 2
541 ## - IMMEDIATE SOURCE OF ACQUISITION NOTE
-- 3
562 ## - COPY AND VERSION IDENTIFICATION NOTE
Number of copies 3
906 ## - LOCAL DATA ELEMENT F, LDF (RLIN)
a 7
b par
c origode
d 3
e ncip
f 20
g y-gencatlg
942 ## - ADDED ENTRY ELEMENTS (KOHA)
Source of classification or shelving scheme Library of Congress Classification
Koha item type Books
Call number prefix Filipininana
Holdings
Withdrawn status Lost status Source of classification or shelving scheme Damaged status Home library Current library Shelving location Date acquired Total Checkouts Full call number Barcode Date last seen Copy number Price effective from Koha item type Public note
    Library of Congress Classification   College Library College Library Filipiniana Section 04/16/2013   BX4857.M34 2011 c15559 05/08/2018 1 11/14/2013 Books  
  Lost Library of Congress Classification   College Library College Library Filipiniana Section 04/19/2013   BX 4857 .M193 2011 c13940 04/19/2013 2 11/14/2013 Books On loan to Juan, Vanessa (Athena)

A clash of cultures :

APA

Maggay M. P., . (2011). A clash of cultures. Manila: Anvil Pub.

Chicago

Maggay Melba Padilla, . 2011. A clash of cultures. Manila: Anvil Pub.

Harvard

Maggay M. P., . (2011). A clash of cultures. Manila: Anvil Pub.

MLA

Maggay Melba Padilla, . A clash of cultures. Manila: Anvil Pub. 2011.

  • Place hold
  • Print
  • Cite
  • Add to your cart (remove)
  • Save record
    BIBTEX Dublin Core MARCXML MARC (non-Unicode/MARC-8) MARC (Unicode/UTF-8) MARC (Unicode/UTF-8, Standard) MODS (XML) RIS
  • More searches
    Search for this title in:
    Other Libraries (WorldCat) Other Databases (Google Scholar) Online Stores (Bookfinder.com) Open Library (openlibrary.org)

Exporting to Dublin Core...

SOUTHVILLE LIBRARY

Southville International School and Colleges Library

1281 Tropical Ave. Cor. Luxembourg St., BF Homes International, Las Pinas City

Tel. No. 8256374 / 252358 Loc. 117/146

Powered by Koha